5HLuxD.jpg

KING HENRY VIII SENIOR AND PRIMARY SCHOOL LIBRARY OPAC

The price of peace : (Record no. 2744)

000 -LEADER
fixed length control field 01295cam a2200373 a 4500
001 - CONTROL NUMBER
control field .b21296042
003 - CONTROL NUMBER IDENTIFIER
control field OSt
005 - DATE AND TIME OF LATEST TRANSACTION
control field 20230818112900.0
008 - FIXED-LENGTH DATA ELEMENTS--GENERAL INFORMATION
fixed length control field 130829s2009 enka 000 1 eng d
020 ## - INTERNATIONAL STANDARD BOOK NUMBER
International Standard Book Number 9780194791984
020 ## - INTERNATIONAL STANDARD BOOK NUMBER
International Standard Book Number 019479198X
040 ## - CATALOGING SOURCE
Original cataloging agency RDI
Transcribing agency RDI
Modifying agency CNCGM
-- FCU
-- KH8
041 0# - LANGUAGE CODE
Language code of text/sound track or separate title eng
042 ## - AUTHENTICATION CODE
Authentication code nbic
044 ## - COUNTRY OF PUBLISHING/PRODUCING ENTITY CODE
MARC country code xxk
Local subentity code enk
082 0# - DEWEY DECIMAL CLASSIFICATION NUMBER
Classification number 428 LIN
Item number O98.2-5
100 1# - MAIN ENTRY--PERSONAL NAME
Personal name Lindop, Christine,
Relator term author.
245 14 - TITLE STATEMENT
Title The price of peace :
Remainder of title stories from Africa /
Statement of responsibility, etc. retold by Christine Lindop ; illustrated by Meshack Asare, Joseph Ntensibe.
260 ## - PUBLICATION, DISTRIBUTION, ETC.
Place of publication, distribution, etc. Oxford, [England] :
Name of publisher, distributor, etc. Oxford University Press,
Date of publication, distribution, etc. c2009.
300 ## - PHYSICAL DESCRIPTION
Extent 87 p. :
Other physical details ill. ;
Dimensions 20 cm.
440 #0 - SERIES STATEMENT/ADDED ENTRY--TITLE
Title Oxford Bookworms Library.
Number of part/section of a work Stage 4.
Name of part/section of a work World Stories.
514 ## - DATA QUALITY NOTE
Attribute accuracy report 1400 words.
650 #0 - SUBJECT ADDED ENTRY--TOPICAL TERM
Topical term or geographic name entry element Readers (Adult)
650 #0 - SUBJECT ADDED ENTRY--TOPICAL TERM
Topical term or geographic name entry element English language
Form subdivision Textbooks for foreign speakers.
650 #0 - SUBJECT ADDED ENTRY--TOPICAL TERM
Topical term or geographic name entry element Reading comprehension
Form subdivision Problems, exercises, etc.
650 #0 - SUBJECT ADDED ENTRY--TOPICAL TERM
Topical term or geographic name entry element Australian fiction
Chronological subdivision 20th century.
650 #0 - SUBJECT ADDED ENTRY--TOPICAL TERM
Topical term or geographic name entry element Short stories, Australian.
650 #0 - SUBJECT ADDED ENTRY--TOPICAL TERM
Topical term or geographic name entry element Readers (Adult)
650 #0 - SUBJECT ADDED ENTRY--TOPICAL TERM
Topical term or geographic name entry element English language
Form subdivision Textbooks for foreign speakers.
650 #0 - SUBJECT ADDED ENTRY--TOPICAL TERM
Topical term or geographic name entry element Reading comprehension
Form subdivision Problems, exercises, etc.
650 #0 - SUBJECT ADDED ENTRY--TOPICAL TERM
Topical term or geographic name entry element Australian fiction
Chronological subdivision 20th century.
650 #0 - SUBJECT ADDED ENTRY--TOPICAL TERM
Topical term or geographic name entry element Short stories, Australian.
942 ## - ADDED ENTRY ELEMENTS (KOHA)
Source of classification or shelving scheme
Koha item type Teaching Resources
Holdings
Withdrawn status Lost status Source of classification or shelving scheme Damaged status Not for loan Collection code Permanent Location Current Location Shelving location Date acquired Total Checkouts Full call number Barcode Date due Date last seen Date last checked out Price effective from Koha item type
          Teaching Resources KH8 Senior School Library KH8 Senior School Library Staff Office 2023-08-18 1 428 LIN TRKHSL002126 2025-07-04 2024-11-08 2024-11-08 2023-08-18 Teaching Resources

Powered By KH8 IT Dept